000 00551nam a2200217 a 4500
001 0001-1964
003 ELIB.Books
008 190121 2010 eng
020 _a0809124270
092 _a268 Moo
_bMoo
100 _aMoore, Joseph.
245 _aHandbook for Peer Ministry
260 _aRamsey
_bPaulist Press
_c1982
300 _a99
_c20.6 cm
650 _aChristian Ministry
856 _nKBTS Library
_uKBTS Elib
942 _2ddc
_cBK
990 _a2
998 _aEnglishbooks.elf
_ccat
_e2019-01-21
999 _c11964
_d11964